| 000 | 00598nam a22001697a 4500 | ||
|---|---|---|---|
| 003 | OSt | ||
| 005 | 20260211155225.0 | ||
| 008 | 260211b |||||||| |||| 00| 0 eng d | ||
| 040 | _cMRSPTU | ||
| 041 | _aEnglish | ||
| 100 | _aGurmanjot Singh, Supervisor: Dr. Sanjiv Kumar Aggarwal | ||
| 245 | _a Comparison of Effect of Different Superplasticizers on Workability and Compressive Strength of High Grade Concrete | ||
| 260 |
_bDepartment of Civil Engg. MRSPTU, Bathinda _c2019 |
||
| 650 | _aCivil Engineering | ||
| 856 | _uhttp://163.47.215.52:8080/jspui/handle/123456789/314 | ||
| 942 |
_2ddc _cTH _n0 |
||
| 999 |
_c10905 _d10905 |
||